000 00376cam a22001097a 4500
008 180718b1973 xxu||||| |||| 00| 0 eng d
082 _aT000x5414 1974-79d
245 _aFifth five-year plan of Orissa : draft
_cby Planning & Co-Ordination Department
260 _aBhubaneswar
_bGovernment of Orissa
_c1973
300 _a658p.
700 _aOrissa.Planning & Co-Ordination Department
999 _c496830
_d496830